Every Arkansas City Above 10K Population - Statistics

General Stats
  • This quiz has been taken 23 times
  • The average score is 19 of 39
Answer Stats
Population City % Correct
202,864 Little Rock
100%
89,992 Fort Smith
85%
99,285 Fayetteville
80%
38,109 Hot Springs
80%
36,593 Benton
75%
57,868 Bentonville
75%
79,876 Jonesboro
75%
67,617 Conway
70%
64,627 North Little Rock
70%
39,495 Pine Bluff
70%
10,258 Arkadelphia
65%
29,306 Texarkana
65%
72,999 Rogers
60%
29,130 Jacksonville
55%
29,133 Russellville
55%
23,009 Searcy
55%
87,672 Springdale
55%
23,795 West Memphis
55%
21,501 Bryant
50%
30,178 Paragould
50%
26,844 Cabot
45%
17,063 El Dorado
45%
13,338 Harrison
45%
31,733 Bella Vista
40%
19,358 Maumelle
40%
23,755 Van Buren
40%
11,173 Batesville
35%
10,780 Magnolia
35%
13,150 Mountain Home
35%
33,082 Sherwood
30%
18,654 Siloam Springs
30%
12,706 Blytheville
25%
10,298 Camden
25%
12,676 Forrest City
25%
10,967 Malvern
25%
15,970 Hot Springs Village
20%
11,050 Lowell
20%
13,596 Marion
15%
21,525 Centerton
10%
No matching quizzes found
Score Distribution
Percent of People with Each Score
Percentile by Number Answered
Your Score History
You have not taken this quiz